| 000 | 00811nam a2200265Ia 4500 | ||
|---|---|---|---|
| 005 | 20220316235556.0 | ||
| 008 | 121119s2000 ag gr 000 p spa | ||
| 020 | _a9507312803 | ||
| 041 | 0 | _aspa | |
| 100 | 1 |
_aBenedetti, Mario _d1920- |
|
| 245 | 1 | 0 |
_aAntología poética _cMario Benedetti |
| 250 | _aPrimera edición | ||
| 300 |
_a253 páginas _c18 cm |
||
| 490 | 0 | _aSeix Barral Biblioteca Mario Benedetti | |
| 650 | 1 | 4 |
_aLiteratura uruguaya _ySiglo XX _2LEMB |
| 650 | 1 | 4 |
_aPoesía uruguaya _ySiglo XX _2LEMB |
| 700 | 1 |
_aOrgambide, Pedro _d1929- _939070 |
|
| 942 |
_2loc _cBK |
||
| 264 |
_aBuenos Aires _bPlaneta _c2000 |
||
| 336 |
_atexto _btxt _2rdacontent |
||
| 337 |
_asin mediación _bn _2rdamedia |
||
| 338 |
_avolumen _bnc _2rdacarrier |
||
| 040 |
_aCO-BoRNBP _bspa _erda _cCO-BoRNBP |
||
| 084 | _aP BEN1 | ||
| 999 |
_c1415 _d1415 |
||